GD Demonlist (NOV 4 2024) - Statistics

General Stats
  • This quiz has been taken 44 times
  • The average score is 42 of 150
Answer Stats
Hint Answer % Correct
1 Tidal Wave
100%
2 Acheron
88%
5 Avernus
83%
110 Silent Club
83%
4 Silent Clubstep
79%
9 Slaughterhouse
75%
3 Nullscapes
71%
7 Abyss of Darkness
67%
25 Limbo
67%
121 Bloodlust
63%
8 Kyouki
63%
10 Sakupen Circles
63%
6 Tunnel of Despair
58%
11 KOCMOC
54%
16 MINUSDry
54%
26 Edge of Destiny
50%
59 Zodiac
50%
15 | 141 Deimos
46%
13 Firework
46%
61 Hard Machine
46%
60 Kenos
46%
12 Menace
46%
40 Tartarus
46%
45 The Golden
46%
27 Codependence
42%
24 COMBUSTION
42%
20 Eyes in the Water
42%
18 poocubed
42%
37 Sonic Wave Infinity
42%
46 Verdant Landscape
42%
29 Walter white
42%
80 Crimson Planet
38%
126 Jesse Pinkman
38%
28 Mayhem
38%
42 Oblivion
38%
19 Saul Goodman
38%
101 Shardscapes
38%
23 The Hallucination
38%
14 The Lightning Rod
38%
32 The Yangire
38%
43 Viprin UFO
38%
34 arcturus
33%
22 Belladonna
33%
130 CITRA
33%
31 PSYCHOPATH
33%
35 Sinister SIlence
33%
21 Solar Flare
33%
76 Thinking Space
33%
55 Trueffet
33%
36 UNKNOWN
33%
54 Climax
29%
89 Cognition
29%
79 Cold Sweat
29%
133 Gracefully
29%
17 KOSETSU
29%
39 Midnight
29%
44 Natural Disaster
29%
129 Neon Skyline
29%
120 no jokes
29%
48 ORDINARY
29%
106 Ragnarok
29%
147 ATOMIC CANNON
25%
136 Congregation
25%
91 Cosmic Cyclone
25%
30 Deadlier Clubstep
25%
131 Fog
25%
74 Promethean
25%
98 RUST
25%
33 SARYYX NEVER CLEAR
25%
108 TORN
25%
56 Aerial Gleam
21%
123 Asterios
21%
90 ATOMIC CANNON Mk II
21%
47 Atomic Cannon MK III
21%
135 Awedsy
21%
86 Calculator Core
21%
114 Coral Cave
21%
57 Critical Heat
21%
38 Damascus
21%
49 Delta
21%
62 Esfera
21%
41 Jigsaw
21%
67 Keres
21%
65 NEUTRA
21%
113 Omega Interface
21%
125 PROTON LAUNCHER
21%
81 Renevant
21%
103 RUTHLESS
21%
95 SARY NEVER CLEAR
21%
52 Shukketsu
21%
137 Sigma
21%
92 Trotil
21%
150 Atmos
17%
132 BarbarosFinaleFinale
17%
99 Corrodere
17%
72 Crackhead Circles
17%
63 Destruction 19
17%
66 DISSONANCE
17%
71 Dry Out Copyable 2
17%
107 Escape Room
17%
124 Excruciation Chamber
17%
70 Frost Spirit
17%
105 Horros
17%
85 Instinct
17%
117 Jupiter My Favourite
17%
118 Kappa
17%
100 Launchpad Labyrinth
17%
75 Lotus Flower
17%
50 NETWORK
17%
77 qoUEO
17%
134 Sazerix
17%
87 shimmer
17%
127 Terminux
17%
119 The Art of The Blade
17%
58 The Paroxysm of Rage
17%
128 Twilight
17%
93 Amalgam
13%
139 Aronia
13%
73 Axinie
13%
82 ConClusion
13%
111 Descent Into Exile
13%
88 DIRECTIONS
13%
68 Fragile
13%
148 Knights of Thunder
13%
109 me when machine gang
13%
143 Moving Forward
13%
115 Pandemonium
13%
112 Sand Sailor
13%
83 Scream Machine
13%
104 Sides Of My Mind
13%
84 Sky Shredder
13%
78 SUPERHATEMEWORLD
13%
53 Terminal Rampancy
13%
116 The Rupture
13%
102 Akashic Records
8%
64 Checked Steam
8%
51 Coalescense
8%
94 Guideless Goobering
8%
96 Lucid Nightmares
8%
142 Pagoda
8%
69 Widestep
8%
97 Ykds1479ymdppr
8%
146 IthacropoliX
4%
145 Pootis Engage XTREME
4%
140 untitled unmastered
4%
122 Violet Illusions
4%
149 Cicatrize
0%
144 DsinK
0%
138 Mewnel
0%
No matching quizzes found
Score Distribution
Percent of People with Each Score
Percentile by Number Answered
Your Score History
You have not taken this quiz